Statistics for Bands by Pictures

Click here to take the quiz!

General Stats

  • This quiz has been taken 1,339 times
  • The average score is 11 of 16

Answer Stats

Answer% Correct
The Beatles
99%
Toto
86%
KISS
85%
Rolling Stones
84%
One Direction
81%
Pink Floyd
80%
The Police
80%
Simon and Garfunkel
72%
Deep Purple
66%
Lynyrd Skynyrd
65%
Red Hot Chili Peppers
65%
BTS
62%
The Supremes
44%
Talking Heads
41%
The Temptations
30%
Herman's Hermits
15%

Score Distribution

Percentile by Number Answered

Percent of People with Each Score

Your Score History

You have not taken this quiz